000 01307nam a2200397 a 4500
001 vtls000018019
003 NLI
005 20210601181911.0
008 101125s1961 nyu 001 0 eng
039 9 _y201011250132
_zVLOAD
040 0 _aNLI
_beng
_cVERGIS-2003
041 0 _aeng
044 _anyu
082 0 4 _a651.7
100 1 _aGavin, Ruth E.
_961840
245 1 0 _aRefernece manual for stenographers and typists/
_cRuth E. Gavin and E. Lillian Hutchinson
250 _a3rd ed.
260 _aNew York:
_bGregg Pub. Division, McGraw-Hill,
_cc1961
300 _a188 p.:
_bill.;
_c23 cm.
500 _aIncludes index
650 0 _aStenographers
_961841
650 0 _aTypists
_961842
650 0 _aShorthand
_vHandbooks, manuals, etc.
_961843
650 0 _aOffice practice
_vHandbooks, manuals, etc.
700 1 _aHutchinson, E. Lillian,
_4jt. aut
_961844
887 _aNedunchezhian
901 _a371764
_b03/02/1965
902 _aE 651.7 G 245
903 _a08/03/2004
904 _aNedunchezhian
906 _a017280
949 _AVIRTUAITEM
_D10000
_F1
_X100
_6PUR000371764ENG
_aE 651.7 G245
942 _2ddc
_cBKS
999 _aVIRTUA
_c22011
_d22011
999 _aVTLSSORT0080*0400*0410*0440*0820*1000*2450*2500*2600*3000*5000*6500*6501*6502*6503*7000*8520*9010*9020*9030*9040*9060*9490*9991